15 principales países afectados por Covid19 - 8 de diciembre 2021 - Estadísticas

Estadísticas generales
  • Esta prueba ha sido intentada 6 veces
  • La puntuación promedio es 14 de 28
Estadísticas de respuestas
país % Correcto
Brasil
100%
España
100%
Estados Unidos
100%
Francia
100%
Italia
100%
Argentina
83%
Colombia
83%
India
83%
Reino Unido
83%
Alemania
67%
México
67%
Rusia
67%
Indonesia
50%
Irán
50%
Bélgica
33%
Chequia
33%
Serbia
33%
Turquía
33%
Baréin
17%
Croacia
17%
Eslovaquia
17%
Eslovenia
17%
Estonia
17%
Georgia
17%
Israel
17%
Letonia
17%
Lituania
17%
Países Bajos
17%
No se encontraron pruebas coincidentes
Distribución de puntuación
Porcentaje de gente con cada puntuación
Porcentaje por número respondido
Historial de tus puntuaciones
No has intentado esta prueba.